[Event "Peter Stuart Memorial Open"]
[Site "Auckland NZL"]
[Date "2019.08.25"]
[Round "5"]
[White "Hague, Ben"]
[Black "McLaren, Leonard J"]
[Result "1-0"]
[WhiteElo "2394"]
[BlackElo "2167"]
[PlyCount "73"]
[EventDate "2019.08.24"]

1. e4 c5 2. Nf3 d6 3. Bc4 Nf6 4. d3 Nc6 5. c3 e6 6. Bb3 Be7 7. O-O O-O 8. Re1
Qc7 9. h3 b5 10. Bf4 e5 11. Bh2 Na5 12. Bc2 Bb7 13. d4 Nd7 14. Nbd2 Bf6 15.
dxc5 dxc5 16. Nf1 Rad8 17. Ne3 Rfe8 18. Qe2 c4 19. Rad1 Nc5 20. Ng4 Nc6 21.
Nxf6+ gxf6 22. Bg3 Ne6 23. Nh2 Ng7 24. Ng4 Re6 25. Bh4 Ne8 26. Nh6+ Kf8 27. Nf5
Ng7 28. Qe3 Nxf5 29. exf5 Rxd1 30. Rxd1 Nd4 31. cxd4 exd4 32. Qh6+ Ke8 33. fxe6
Qc6 34. exf7+ Kxf7 35. Qxh7+ Kf8 36. Qh6+ Kf7 37. Qg6+ 1-0

[Event "Peter Stuart Memorial Open"]
[Site "Auckland NZL"]
[Date "2019.08.25"]
[Round "5"]
[White "Ang, Alphaeus Wei Ern"]
[Black "Hart, Ralph"]
[Result "1-0"]
[WhiteElo "2183"]
[BlackElo "2159"]
[PlyCount "93"]
[EventDate "2019.08.24"]

1. d4 Nf6 2. c4 c5 3. d5 b5 4. Qc2 bxc4 5. e4 d6 6. Bxc4 Ba6 7. Na3 Bxc4 8.
Nxc4 g6 9. Nf3 Bg7 10. O-O O-O 11. Bd2 Nbd7 12. Rad1 Qc7 13. Bc3 Nb6 14. Nfd2
Nxc4 15. Nxc4 Nd7 16. Bxg7 Kxg7 17. Qc3+ Kg8 18. f4 Nb6 19. Ne3 c4 20. Kh1 Na4
21. Qxc4 Qxc4 22. Nxc4 Rfc8 23. Rd4 Rab8 24. Na5 Nb6 25. Nc6 Rb7 26. b4 e6 27.
b5 exd5 28. exd5 Re8 29. a4 Re3 30. Ra1 Nd7 31. Na5 Rc7 32. Nc4 Rc3 33. Nxd6
Nf6 34. h3 Rd7 35. Ne4 Nxe4 36. Rxe4 Rxd5 37. Re7 Rc2 38. Rxa7 Rdd2 39. Rg1 Rb2
40. Ra6 Rd4 41. b6 Rxf4 42. a5 Kg7 43. Ra7 Kh6 44. b7 Kg5 45. a6 Kh4 46. Ra8
Rfb4 47. Rc8 1-0

[Event "Peter Stuart Memorial Open"]
[Site "Auckland NZL"]
[Date "2019.08.25"]
[Round "5"]
[White "Capel, Evan T"]
[Black "Garbett, Paul A"]
[Result "1-0"]
[WhiteElo "2172"]
[BlackElo "2156"]
[PlyCount "149"]
[EventDate "2019.08.24"]

1. d4 Nf6 2. Nf3 d5 3. c4 e6 4. Nc3 Be7 5. cxd5 exd5 6. Bg5 h6 7. Bh4 c6 8. e3
Nbd7 9. Be2 Nb6 10. O-O Bf5 11. Ne5 Ne4 12. Bxe7 Qxe7 13. Bd3 Nxc3 14. bxc3
Bxd3 15. Qxd3 O-O 16. a4 Nd7 17. Nxd7 Qxd7 18. c4 Rab8 19. c5 Rfe8 20. Rfb1
Rbc8 21. a5 a6 22. Rb6 Rc7 23. Rab1 g6 24. Qe2 Kg7 25. Qf3 Re7 26. Qf4 Qe6 27.
Kf1 Red7 28. Ke2 Qf6 29. Qg4 Re7 30. R6b4 Qg5 31. Qf3 Qh4 32. h3 Qf6 33. Qg4
Qg5 34. Qf3 Qf6 35. Rh1 Qxf3+ 36. gxf3 f5 37. Kd3 Rf7 38. Rb2 Rce7 39. Re2 Re6
40. Rg1 Re8 41. h4 h5 42. Rge1 Kf8 43. Rb2 Ree7 44. Ree2 Kg7 45. Rb1 Kh6 46.
Rbe1 Kg7 47. Kd2 Kh6 48. Rd1 Kg7 49. Ke1 Re6 50. Kf1 Kf8 51. Kg2 f4 52. Rde1
Ree7 53. e4 dxe4 54. Rxe4 Rd7 55. Re8+ Kg7 56. R1e4 Rd5 57. R8e7 Rdf5 58. Kf1
g5 59. hxg5 Rxg5 60. Rxf7+ Kxf7 61. Rxf4+ Ke6 62. Ke2 Rg1 63. Rh4 Ra1 64. Rxh5
Rxa5 65. Re5+ Kf6 66. Kd3 Ra2 67. Re1 Rxf2 68. Rb1 Rxf3+ 69. Ke4 Rh3 70. Rxb7
Ke6 71. Rc7 Ra3 72. Rxc6+ Kd7 73. Kd5 Ra4 74. Rh6 Ra1 75. Rh7+ 1-0

[Event "Peter Stuart Memorial Open"]
[Site "Auckland NZL"]
[Date "2019.08.25"]
[Round "5"]
[White "Thornton, Giovanni A"]
[Black "Metge, J Nigel"]
[Result "1-0"]
[WhiteElo "2053"]
[BlackElo "1911"]
[PlyCount "125"]
[EventDate "2019.08.24"]

1. d4 Nf6 2. Nf3 e6 3. Bf4 c5 4. c3 Qb6 5. Qb3 Qxb3 6. axb3 Nc6 7. e3 Nh5 8.
Bc7 d6 9. dxc5 dxc5 10. h3 Kd7 11. Bh2 Bd6 12. Bxd6 Kxd6 13. Nbd2 Nf6 14. g4 b6
15. Nc4+ Kc7 16. Bg2 Bb7 17. O-O h5 18. Nfe5 hxg4 19. hxg4 b5 20. Bxc6 Bxc6 21.
Nxc6 bxc4 22. Ne5 cxb3 23. Ra6 Rh4 24. Kg2 Ne4 25. Rd1 Kb7 26. Ra5 f6 27. Rb5+
Kc8 28. Nf7 Kc7 29. f3 Rf8 30. fxe4 Rxf7 31. Kg3 Kc6 32. Rxb3 g5 33. Ra3 Rfh7
34. Rg1 Rh3+ 35. Kf2 Rh2+ 36. Rg2 Rh1 37. Ra6+ Kb5 38. Rxe6 Rb1 39. Kg3 Kc4 40.
Rxf6 Re1 41. Kf2 Rhh1 42. Rf5 Rhf1+ 43. Kg3 Rxe3+ 44. Kh2 Rfe1 45. Rxg5 Rxe4
46. Rf5 Re7 47. g5 Rg7 48. Kg3 Ree7 49. Kf4 a5 50. Rf6 a4 51. Ra6 Kb3 52. g6
Re1 53. Kg5 Ree7 54. Rb6+ Kc4 55. Rg4+ Kd5 56. Rxa4 Rc7 57. Rf4 Ke5 58. Rbf6 c4
59. Rf7 Ke6 60. R4f6+ Ke5 61. Rxc7 Rxc7 62. Rf7 Rc5 63. Rf5+ 1-0

[Event "Peter Stuart Memorial Open"]
[Site "Auckland NZL"]
[Date "2019.08.25"]
[Round "5"]
[White "Vickers, Josia"]
[Black "Steadman, Michael V R"]
[Result "0-1"]
[WhiteElo "1837"]
[BlackElo "2251"]
[PlyCount "64"]
[EventDate "2019.08.24"]

1. e4 e6 2. d4 d5 3. Nc3 Nc6 4. e5 f6 5. exf6 Nxf6 6. Nf3 Bb4 7. Bd3 Ne4 8.
Bxe4 dxe4 9. Ne5 Qxd4 10. Qh5+ g6 11. Nxg6 hxg6 12. Qxg6+ Kd7 13. Bd2 Ne7 14.
Qf7 Qe5 15. O-O-O Bd6 16. Bf4 Qf5 17. Qxf5 exf5 18. Nb5 Nc6 19. Nxd6 cxd6 20.
Rxd6+ Ke7 21. Rhd1 Be6 22. h4 Kf7 23. Bg5 Rac8 24. a3 Ne5 25. Kb1 Nc4 26. R6d4
Rc6 27. g4 fxg4 28. Rxe4 Rhc8 29. Rf4+ Kg8 30. Be7 Nb6 31. Rd8+ Rxd8 32. Bxd8
Rd6 0-1

[Event "Peter Stuart Memorial Open"]
[Site "Auckland NZL"]
[Date "2019.08.25"]
[Round "5"]
[White "Gunn, Neil J"]
[Black "Wright, Caleb"]
[Result "0-1"]
[WhiteElo "1969"]
[BlackElo "1858"]
[PlyCount "108"]
[EventDate "2019.08.24"]

1. c4 e6 2. g3 d5 3. cxd5 exd5 4. Bg2 g6 5. Nf3 Bg7 6. O-O Nf6 7. d4 O-O 8. Nc3
c6 9. Bg5 h6 10. Bf4 Nbd7 11. Ne5 Kh7 12. Re1 Nh5 13. e4 Nxf4 14. gxf4 dxe4 15.
Nxe4 Nf6 16. Nxf6+ Qxf6 17. Qd2 Be6 18. Be4 Rad8 19. Qe3 h5 20. Kh1 Bh6 21. Qf3
Qxf4 22. Qxf4 Bxf4 23. Rad1 Bd5 24. Bxd5 Rxd5 25. Nf3 Bd6 26. Re4 c5 27. Rde1
cxd4 28. Rxd4 Rxd4 29. Nxd4 Bc5 30. Nb3 Bxf2 31. Re7 b5 32. Nd2 Kh6 33. Ne4 Bb6
34. Nc3 a6 35. Nd5 Bd4 36. Nc7 Bxb2 37. Nxa6 Ra8 38. Nc5 Ba3 39. Rc7 Bxc5 40.
Rxc5 b4 41. Rb5 Rxa2 42. Rxb4 g5 43. Rb6+ Kg7 44. h4 gxh4 45. Rb4 Kg6 46. Rxh4
Kg5 47. Rb4 f5 48. Rb8 h4 49. Rg8+ Kf4 50. Rh8 Kf3 51. Rh7 f4 52. Rh8 Kf2 53.
Kh2 Ke1+ 54. Kg1 f3 0-1

[Event "Peter Stuart Memorial Open"]
[Site "Auckland NZL"]
[Date "2019.08.25"]
[Round "5"]
[White "Xie, Felix"]
[Black "Mistry, Prashant"]
[Result "1-0"]
[WhiteElo "1705"]
[BlackElo "1901"]
[PlyCount "39"]
[EventDate "2019.08.24"]

1. e4 e5 2. Nc3 Bc5 3. Bc4 Nf6 4. d3 O-O 5. Bg5 h6 6. Bh4 g5 7. Bg3 d6 8. h3 c6
9. Bb3 b5 10. Nf3 a5 11. a4 b4 12. Nb1 Kg7 13. Nbd2 Nh5 14. Bh2 Qb6 15. O-O g4
16. Nh4 g3 17. Qxh5 Bxf2+ 18. Kh1 gxh2 19. Nf5+ Bxf5 20. Qxf5 1-0

[Event "Peter Stuart Memorial Open"]
[Site "Auckland NZL"]
[Date "2019.08.25"]
[Round "5"]
[White "Meng, Richard"]
[Black "Johns, Daniel P"]
[Result "1-0"]
[WhiteElo "1814"]
[BlackElo "1882"]
[PlyCount "107"]
[EventDate "2019.08.24"]

1. c4 e6 2. g3 Nf6 3. Bg2 d5 4. Nf3 Be7 5. O-O c5 6. b3 Nc6 7. Bb2 b6 8. e3 Bb7
9. Nc3 O-O 10. cxd5 exd5 11. d4 Ne4 12. dxc5 Nxc3 13. Bxc3 Bxc5 14. Nd4 Nxd4
15. Bxd4 Qd7 16. Qd2 Bxd4 17. Qxd4 Rfd8 18. Rfd1 Qe6 19. e4 h6 20. exd5 Qd6 21.
Rac1 Rd7 22. Rc2 Rad8 23. Rcd2 Rc7 24. h3 Rcd7 25. Kh2 Re8 26. f4 f6 27. Rc1
Red8 28. Rcd1 Rc7 29. Re1 Bc8 30. h4 Kf7 31. Bh3 Bxh3 32. Kxh3 Qc5 33. Qe4 Re7
34. Qxe7+ Qxe7 35. Rxe7+ Kxe7 36. Kg4 g6 37. f5 Rg8 38. Rd3 h5+ 39. Kf4 g5+ 40.
hxg5 Rxg5 41. Re3+ Kd6 42. Re6+ Kxd5 43. Rxf6 Rg4+ 44. Kf3 Ke5 45. Rh6 Rg5 46.
f6 Rf5+ 47. Ke3 Rxf6 48. Rxh5+ Kd6 49. g4 Rg6 50. Kf4 a5 51. g5 Kc5 52. Kf5 Rd6
53. g6 Rd1 54. g7 1-0

[Event "Peter Stuart Memorial Open"]
[Site "Auckland NZL"]
[Date "2019.08.25"]
[Round "5"]
[White "Lim, Benjamin U"]
[Black "Krstev, Antonio"]
[Result "1-0"]
[WhiteElo "1882"]
[BlackElo "1959"]
[PlyCount "97"]
[EventDate "2019.08.24"]

1. e4 e6 2. d4 d5 3. Nc3 Nf6 4. Bg5 dxe4 5. Nxe4 Be7 6. Bxf6 Bxf6 7. Nf3 O-O 8.
Nxf6+ Qxf6 9. Bd3 b6 10. Be4 c6 11. O-O Bb7 12. Ne5 Rd8 13. f4 g6 14. c3 Rd6
15. Qf3 a5 16. Nc4 Qd8 17. Nxd6 Qxd6 18. a4 Ba6 19. Bd3 Bxd3 20. Qxd3 Nd7 21.
Qe4 Rd8 22. Rfd1 f5 23. Qe2 Nf6 24. Qe5 Kf7 25. Re1 h5 26. Rad1 Ne4 27. g3 Nf6
28. h3 Rd7 29. Qxd6 Rxd6 30. Kf2 Rd7 31. c4 Rb7 32. Re5 Ne4+ 33. Rxe4 fxe4 34.
Ke3 b5 35. axb5 cxb5 36. c5 a4 37. c6 Rc7 38. Rc1 b4 {(=)} 39. Kxe4 a3 40. bxa3
bxa3 41. d5 a2 42. Ra1 Ke7 43. Rxa2 Kd6 44. Rd2 exd5+ 45. Rxd5+ Kxc6 46. Rg5
Re7+ 47. Kf3 Re6 48. f5 gxf5 49. Rxh5 1-0

[Event "Peter Stuart Memorial Open"]
[Site "Auckland NZL"]
[Date "2019.08.25"]
[Round "5"]
[White "Nagorski, Alex"]
[Black "Hair, Philip I"]
[Result "1-0"]
[WhiteElo "1858"]
[BlackElo "1853"]
[PlyCount "91"]
[EventDate "2019.08.24"]

1. Nf3 Nc6 2. d4 d5 3. Bf4 Bg4 4. e3 e6 5. c4 Nf6 6. Nc3 Bb4 7. Be2 Ne4 8. Rc1
g5 9. Bg3 h5 10. h3 Bxc3+ 11. bxc3 Nxg3 12. fxg3 Bf5 13. Nd2 Qd6 14. Nf1 dxc4
15. Bxc4 Be4 16. Qe2 O-O-O 17. Kf2 f5 18. Nd2 Bd5 19. Bxd5 exd5 20. Rhe1 h4 21.
g4 Rhf8 22. Kg1 Kb8 23. gxf5 Rxf5 24. e4 dxe4 25. Qxe4 Rf4 26. Qe6 Qxe6 27.
Rxe6 g4 28. Rf1 Rxf1+ 29. Kxf1 Rf8+ 30. Ke2 gxh3 31. gxh3 Kc8 32. Rh6 Rg8 33.
Rxh4 Rg3 34. Ne4 Rg2+ 35. Kd3 Rxa2 36. Nc5 Kd8 37. Nxb7+ Ke8 38. Rh7 Ne7 39.
Kc4 Rb2 40. Nc5 Rb6 41. d5 Rf6 42. Rh8+ Kf7 43. Ne6 c6 44. Rf8+ Kg6 45. Rxf6+
Kxf6 46. d6 1-0